| 000 | 00831cam a2200193 4500 | ||
|---|---|---|---|
| 001 | ABS65999 | ||
| 008 | 021101n2002 000 0 eng u | ||
| 035 | _a(Sirsi) u120337 | ||
| 245 | _aRICS Members' Accounts Regulations and chattel auctioneers | ||
| 260 | _c2002 | ||
| 490 |
_aThe Arts Surveyor _vOctober 2002, 8-9(2) |
||
| 520 | _aExplains the scope of the RICS Members' Accounts Regulations (MAR) and how they apply to chattel auctioneers. Identifies the six basic principles of the MAR which cover the handling of clients' money and maintaining clear accounting records, and illustrates how each relates to the work of chattel auctioneers. | ||
| 590 | _aABS | ||
| 650 | _aRICS MEMBERS' ACCOUNTS RULES | ||
| 650 | _aRICS REGULATIONS | ||
| 650 | _aCHATTELS AUCTIONEERS | ||
| 690 |
_aAuctioneering _96218 |
||
| 942 | _n0 | ||
| 999 |
_c71497 _d71497 |
||